| 000 | 00649nam a2200205 i 4500 | ||
|---|---|---|---|
| 001 | bgj | ||
| 100 | 1 | _aROSIŃSKA, Marta | |
| 245 | 1 | 0 |
_aForMat : _bmagazine : pre-intermediate : workbook / _cMarta Rosińska ; series consultant Simon Greenall. |
| 260 |
_aWarszawa : _bMacmillan Polska, _c2002. |
||
| 300 |
_a87 pp : _bill. ; _c30 cm. |
||
| 650 | 9 |
_aEnglish language _xSecondary schools _xMatura _xPre-intermediate |
|
| 655 | _aTextbooks for foreigners | ||
| 700 | 1 |
_aGREENALL, Simon. _eco-author |
|
| 020 | _a8389162393 | ||
| 040 | _cBPK | ||
| 041 | 0 | _aeng | |
| 920 | _a83-89162-39-3 | ||
| 942 | _cKS | ||
| 008 | s uk f |000 0 eng | ||
| 999 |
_c49052 _d49052 |
||
| 856 |
_uhttp://koha.tu.koszalin.pl/cgi-bin/koha/opac-detail.pl?biblionumber=49052 _yKatalog online BPK |
||